000 00351nam a2200145Ia 4500
008 230312s9999||||xx |||||||||||||| ||und||
020 _a0-07-462320-6
082 _a579
_bPEL-M
100 _aPelczar;Michael.J
245 0 _aMicrobiology
260 _bTata McGraw Hill
_aIndia
_c2007
300 _a918
650 _aMedical
_vMicrobiology
942 _cBK
999 _c11270
_d11270